Bundesliga: Torhüter: Längste Serien ohne Gegentor - Statistiken

Allgemein
  • Dieses Quiz wurde 938 mal gespielt
    259 seit der letzten Aktualisierung
  • Das Durchschnittsergebnis liegt bei 9 aus 15
Antwortstatistiken
Saison Minuten
ohne Gegentor
Spieler % Korrekt
2011/12 771 Manuel Neuer
97%
2014/15 689 Manuel Neuer
97%
2016/17& 17/18 636 Manuel Neuer
97%
2014/15 620 Manuel Neuer
97%
2012/13 577 Manuel Neuer
97%
2002/03 805 Oliver Kahn
91%
1998/99 736 Oliver Kahn
91%
2002/03& 03/04 885 Timo Hildebrand
68%
2024/25 684 Finn Dahmen
55%
1996/97 597 Jens Lehmann
54%
2009/10 620 Tim Wiese
33%
1987/88 641 Oliver Reck
22%
2020/21 674 Koen Casteels
16%
2024/25 610 Noah Atubolo
12%
1985/86 603 Ulrich Stein
12%
Keine übereinstimmenden Quizze gefunden
Verteilung der Resultate
Anzahl Personen mit jedem Resultat
Perzentil nach korrekt beantworteten Fragen
Ihre Resultats-Entwicklung
Sie haben dieses Quiz seit der letzten Aktualisierung nicht gespielt